| 000 | 00819nas a2200265 4500 | ||
|---|---|---|---|
| 001 | BR0706053 | ||
| 003 | BR-BrBNA | ||
| 005 | 20231205111223.0 | ||
| 007 | ta | ||
| 008 | 230509b bl.|||p| |||| 00| 00por d | ||
| 040 |
_aBR-BrBNA _bpor _cBiblioteca Nacional de Agricultura |
||
| 041 | _a(Pt) | ||
| 072 | _aL70 | ||
| 100 | 1 | _aGomez, F.G. | |
| 100 | 1 | _aCanabrava, H.A.N. | |
| 100 | 1 | _aLarrea, M.I. de S.A. | |
| 245 | 1 | _aPossíveis riscos do uso de antimicrobianos em animais destinados à produção de alimentos | |
| 650 | _aANIMAL | ||
| 650 | _aANTIBIÓTICO | ||
| 650 | _aMICROBIOLOGIA | ||
| 650 | _aRESISTÊNCIA A PRODUTOS QUIMICOS | ||
| 773 | 0 |
_tVeterinária Notícias (Brazil) _xISSN 0104-3463 _g(2003), v. 9(1) p. 129-140 _wBR0706053 |
|
| 909 |
_a202311 _bLúcia _c55 _dLúcia Elande |
||
| 942 |
_2AGRIS _n0 _cANA |
||
| 999 |
_c191431 _d191431 |
||